Pięć najlepszych państw pod względem produkcji owoców - Statystyki

Ogólne statystyki
  • Ten quiz został rozwiązany 8 068 razy
  • Średni wynik to 18 z 28
Statystyki odpowiedzi
Państwo % Poprawnych
Polska
99%
Stany Zjednoczone
94%
Brazylia
92%
Chiny
92%
Hiszpania
89%
Rosja
89%
Francja
87%
Meksyk
84%
Indie
82%
Włochy
82%
Kanada
81%
Egipt
74%
Kolumbia
71%
Turcja
68%
Indonezja
66%
Chile
65%
Grecja
64%
Peru
63%
Iran
53%
Algieria
50%
Ekwador
49%
Arabia Saudyjska
48%
Pakistan
48%
Nowa Zelandia
47%
Filipiny
41%
Kostaryka
20%
Serbia
18%
Dominikana
15%
Nie znaleziono quizów pasujących do podanych kryteriów
Rozkład punktacji
Procent ludzi z każdym wynikiem
Percentyl według liczby udzielonych odpowiedzi
Twoja historia wyników
Nie rozwiązałeś tego quizu